MARC details
| 000 -CABECERA |
| campo de control de longitud fija |
01501nam a2200301 a 4500 |
| 001 - NÚMERO DE CONTROL |
| campo de control |
000026541 |
| 005 - FECHA Y HORA DE LA ÚLTIMA TRANSACCIÓN |
| campo de control |
20240417195416.0 |
| 008 - DATOS DE LONGITUD FIJA--INFORMACIÓN GENERAL |
| campo de control de longitud fija |
110322s1999 dr 001 0 spa d |
| 020 ## - NÚMERO INTERNACIONAL ESTÁNDAR DEL LIBRO |
| ISBN cancelado o inválido |
9993422089 |
| 040 ## - FUENTE DE LA CATALOGACIÓN |
| Centro catalogador/agencia de origen |
DO-SdBNP |
| Lengua de catalogación |
spa |
| Centro/agencia transcriptor |
BNPHU |
| 082 ## - NÚMERO DE LA CLASIFICACIÓN DECIMAL DEWEY |
| Número de clasificación |
342.729303 |
| Número de documento/Ítem |
T147d |
| 111 2# - ENTRADA PRINCIPAL--NOMBRE DE CONGRESO/REUNIÓN |
| Nombre de congreso/reunión o jurisdicción como elemento de entrada |
Taller sobre Los Derechos Humanos y Deberes en la Reforma Constitucional. |
| Fecha del congreso/reunión |
(1998 : |
| Sede del congreso/Lugar de la reunión |
Santo Domingo) |
| 9 (RLIN) |
53640 |
| 245 10 - MENCIÓN DE TÍTULO |
| Título |
Derechos humanos y deberes en la reforma constitucional. |
| 260 ## - PUBLICACIÓN, DISTRIBUCIÓN, ETC. |
| Lugar de publicación, distribución, etc. |
Santo Domingo : |
| Nombre del editor, distribuidor, etc. |
Comisión Presidencial para la Reforma y Modernización del Estado |
| -- |
PNUD, |
| Fecha de publicación, distribución, etc. |
1999. |
| 300 ## - DESCRIPCIÓN FÍSICA |
| Extensión |
106 p. ; |
| Dimensiones |
21 cm. |
| 490 1# - MENCIÓN DE SERIE |
| Mención de serie |
Estudios constitucionales |
| 490 1# - MENCIÓN DE SERIE |
| Mención de serie |
Talleres |
| 590 ## - NOTA LOCAL (RLIN) |
| Nota local |
Inventariado, 2018/VM |
| 500 ## - NOTA GENERAL |
| Nota general |
Incluye los trabajos presentados durante las sesiones periódicas del "Taller sobre los derechos humanos y deberes en la reforma constitucional", realizados del 4 de agosto hasta el 24 de noviembre de 1998 en la UNPHU, Santo Domingo. |
| 650 #4 - PUNTO DE ACCESO ADICIONAL DE MATERIA--TÉRMINO DE MATERIA |
| Término de materia o nombre geográfico como elemento de entrada |
Reformas constitucionales |
| Subdivisión geográfica |
República Dominicana |
| Subdivisión de forma |
CONGRESOS, CONFERENCIAS, ETC. |
| 9 (RLIN) |
16556 |
| 650 #4 - PUNTO DE ACCESO ADICIONAL DE MATERIA--TÉRMINO DE MATERIA |
| Término de materia o nombre geográfico como elemento de entrada |
Derechos humanos |
| Subdivisión geográfica |
República Dominicana |
| Subdivisión de forma |
CONGRESOS, CONFERENCIAS, ETC. |
| 9 (RLIN) |
53641 |
| 650 #0 - PUNTO DE ACCESO ADICIONAL DE MATERIA--TÉRMINO DE MATERIA |
| Término de materia o nombre geográfico como elemento de entrada |
Derecho civil |
| 9 (RLIN) |
5702 |
| 710 2# - PUNTO DE ACCESO ADICIONAL--NOMBRE DE ENTIDAD CORPORATIVA |
| Nombre de entidad corporativa o nombre de jurisdicción como elemento de entrada |
Programa de Naciones Unidas para el Desarrollo |
| 9 (RLIN) |
53642 |
| 710 1# - PUNTO DE ACCESO ADICIONAL--NOMBRE DE ENTIDAD CORPORATIVA |
| Nombre de entidad corporativa o nombre de jurisdicción como elemento de entrada |
República Dominicana. |
| Unidad subordinada |
Comisión Presidencial para la Reforma y Modernización del Estado. |
| 9 (RLIN) |
7089 |
| 830 #0 - PUNTO DE ACCESO ADICIONAL DE SERIE-TÍTULO UNIFORME |
| Título uniforme |
Estudios constitucionales |
| 9 (RLIN) |
53643 |
| 830 #0 - PUNTO DE ACCESO ADICIONAL DE SERIE-TÍTULO UNIFORME |
| Título uniforme |
Talleres |
| 9 (RLIN) |
53644 |
| 910 ## - DATOS DE OPCIÓN DEL USUARIO (OCLC) |
| Datos de opción del usuario |
Validado. Control de calidad EMS |